KOHA-Header-6

Reactions the private life of Atoms (Record no. 12125)

000 -LEADER
fixed length control field 00325nam a22001337a 4500
020 ## - INTERNATIONAL STANDARD BOOK NUMBER
ISBN 978-0-19-966880-9
082 ## - DEWEY DECIMAL CLASSIFICATION NUMBER
Classification number 541.39
100 ## - MAIN ENTRY--AUTHOR NAME
Personal name Peter Atkins
245 ## - TITLE STATEMENT
Title Reactions the private life of Atoms
260 ## - PUBLICATION, DISTRIBUTION, ETC. (IMPRINT)
Place of publication New York
Name of publisher Oxford University Press
Year of publication 2013
300 ## - PHYSICAL DESCRIPTION
Number of Pages 191
650 ## - SUBJECT ADDED ENTRY--TOPICAL TERM
Topical Term English Fiction
942 ## - ADDED ENTRY ELEMENTS (KOHA)
Koha item type Books
Holdings
Withdrawn status Lost status Collection code Permanent Location Current Location Shelving location Date acquired Full call number Accession Number Koha item type
    Bio Sciences MAJU MAJU Shelf No.A37 2019-10-31 541.39 9409 Bio Science

Powered by Koha